[Event "South America-ch 1st"]
[Site "Lima"]
[Date "2023.09.15"]
[Round "2"]
[White "Vera Siguenas, Deivy Anthoni"]
[Black "Cerda Albornoz, Guillermo Fidel"]
[Result "1-0"]
[WhiteElo "2463"]
[BlackElo "2151"]
[PlyCount "77"]
[EventDate "2023.09.14"]
[EventType "swiss"]
[EventRounds "9"]
[EventCountry "PER"]
[SourceTitle "EXT 2024"]
[Source "ChessBase"]
[SourceDate "2023.10.10"]
[SourceVersion "1"]
[SourceVersionDate "2023.10.10"]
[SourceQuality "1"]

1. e4 e5 2. Nf3 Nc6 3. Bc4 Bc5 4. c3 Nf6 5. d4 exd4 6. e5 d5 7. Bb5 Ne4 8. cxd4 Bb6 9. Nc3 0-0 10. Be3 Bg4 11. h3 Bh5 12. Qc2 Bg6 13. Qb3 Ne7 14. 0-0 c6 15. Bd3 Nd2 16. Nxd2 Bxd3 17. Rfe1 Ba6 18. Nf3 Nf5 19. Rad1 Nxe3 20. Rxe3 Re8 21. Qc2 Qe7 22. Qf5 Qe6 23. Qf4 Bd8 24. Ng5 Bxg5 25. Qxg5 f6 26. Qh4 fxe5 27. dxe5 Rad8 28. b4 Rd7 29. Qd4 Red8 30. f4 b6 31. Rf3 Qe7 32. f5 c5 33. bxc5 bxc5 34. Qf4 Bb7 35. Rg3 Kh8 36. Nb5 Re8 37. f6 gxf6 38. exf6 Qe6 39. Nc7 1-0

[Event "Arica op 8th"]
[Site "Arica"]
[Date "2022.12.19"]
[Round "6"]
[White "Cerda Albornoz, Guillermo Fidel"]
[Black "Duarte Miceli, Leonardo"]
[Result "0-1"]
[WhiteElo "2181"]
[BlackElo "2307"]
[PlyCount "55"]
[EventDate "2022.12.16"]
[EventType "swiss"]
[EventRounds "10"]
[EventCountry "CHI"]
[SourceTitle "CBM 212 Extra"]
[Source "ChessBase"]
[SourceDate "2023.03.31"]
[SourceVersion "1"]
[SourceVersionDate "2023.03.31"]
[SourceQuality "1"]

1. e4 c5 2. Nf3 e6 3. d4 cxd4 4. Nxd4 Nc6 5. Nxc6 bxc6 6. Bd3 d5 7. Nd2 Nf6 8. 0-0 Qc7 9. Qe2 Bd6 10. Nf3 dxe4 11. Bxe4 Nxe4 12. Qxe4 0-0 13. Ng5 f5 14. Qc4 Bxh2+ 15. Kh1 Rf6 16. f4 Rh6 17. Nh3 Bg3 18. Be3 c5 19. Rf3 Bh4 20. Qxc5 Qf7 21. Kg1 Bb7 22. Ng5 Bxg5 23. fxg5 Bxf3 24. gxf3 Rh3 25. Kg2 Qh5 26. Qc6 Rh2+ 27. Kf1 Qh3+ 28. Ke1 0-1

[Event "Arica op 7th"]
[Site "Arica"]
[Date "2021.12.17"]
[Round "9"]
[White "Cerda Albornoz, Guillermo Fidel"]
[Black "Mareco, Sandro"]
[Result "0-1"]
[WhiteElo "2169"]
[BlackElo "2634"]
[PlyCount "76"]
[EventDate "2021.12.12"]
[EventType "swiss"]
[EventRounds "10"]
[EventCountry "CHI"]
[SourceTitle "CBM 205 Extra"]
[Source "ChessBase"]
[SourceDate "2022.01.31"]
[SourceVersion "1"]
[SourceVersionDate "2022.01.31"]
[SourceQuality "1"]

1. e4 c5 2. Nf3 Nc6 3. Bb5 g6 4. 0-0 Bg7 5. Re1 e5 6. Bxc6 dxc6 7. d3 Qe7 8. a4 Nf6 9. a5 0-0 10. Nbd2 Rd8 11. Nc4 Ne8 12. Qe2 Nc7 13. Be3 f6 14. c3 Be6 15. d4 cxd4 16. cxd4 exd4 17. Bxd4 Bg4 18. Qe3 Bxf3 19. gxf3 Qe6 20. Nd2 Qh3 21. Nf1 Ne6 22. Rad1 g5 23. Qb3 Kh8 24. Be3 Rg8 25. Nd2 Bf8 26. Qd3 g4 27. Kh1 gxf3 28. Rg1 Be7 29. Bxa7 Rg2 30. Nxf3 Rxg1+ 31. Rxg1 Rxa7 32. Ne5 Qh5 33. Qd7 fxe5 34. Qxe7 Qf3+ 35. Rg2 Qd1+ 36. Rg1 Qf3+ 37. Rg2 Rxa5 38. Qe8+ Nf8 0-1

[Event "Arica op 7th"]
[Site "Arica"]
[Date "2021.12.16"]
[Round "8"]
[White "Reinuaba Escobar, Carlos"]
[Black "Cerda Albornoz, Guillermo Fidel"]
[Result "0-1"]
[WhiteElo "2232"]
[BlackElo "2169"]
[PlyCount "76"]
[EventDate "2021.12.12"]
[EventType "swiss"]
[EventRounds "10"]
[EventCountry "CHI"]
[SourceTitle "CBM 205 Extra"]
[Source "ChessBase"]
[SourceDate "2022.01.31"]
[SourceVersion "1"]
[SourceVersionDate "2022.01.31"]
[SourceQuality "1"]

1. e4 e5 2. Nf3 Nc6 3. Bc4 Bc5 4. b4 Bxb4 5. c3 Be7 6. d4 d6 7. Qb3 Na5 8. Bxf7+ Kf8 9. Qa4 Nc6 10. Bc4 g5 11. h4 gxh4 12. dxe5 Nxe5 13. Nxe5 dxe5 14. Qb3 Kg7 15. Be3 Nh6 16. Na3 Bg5 17. Rd1 Qe7 18. Nc2 Ng4 19. Bxg5 Qxg5 20. Be6 Qf6 21. Bxg4 Bxg4 22. f3 Raf8 23. Ne3 Bc8 24. Qb5 Rhg8 25. Nc4 Re8 26. Qc5 Kh8 27. Rd2 h3 28. Qxc7 Rg7 29. Qd6 hxg2 30. Rg1 Qxf3 31. Rd3 Qxe4+ 32. Ne3 Bf5 33. Qf6 Qxd3 34. Nxf5 Qxc3+ 35. Ke2 Qc4+ 36. Ke3 Qf4+ 37. Ke2 Qg4+ 38. Ke1 Qg5 0-1

[Event "Arica op 5th"]
[Site "Arica"]
[Date "2018.12.16"]
[Round "5"]
[White "Cerda Albornoz, Guillermo Fidel"]
[Black "Yermolinsky, Alex"]
[Result "0-1"]
[WhiteElo "2188"]
[BlackElo "2506"]
[PlyCount "46"]
[EventDate "2018.12.13"]
[EventType "swiss"]
[EventRounds "10"]
[EventCountry "CHI"]
[SourceTitle "CBM 188 Extra"]
[Source "ChessBase"]
[SourceDate "2019.02.26"]
[SourceVersion "1"]
[SourceVersionDate "2019.02.26"]
[SourceQuality "1"]

1. e4 c5 2. Nf3 Nc6 3. Bb5 d6 4. 0-0 Bd7 5. Re1 Nf6 6. d4 cxd4 7. Nxd4 e6 8. Nc3 Be7 9. f4 0-0 10. Be3 Qc7 11. Bd3 a6 12. Qf3 b5 13. a3 Rab8 14. Nce2 e5 15. Nf5 Bxf5 16. exf5 d5 17. fxe5 Nxe5 18. Qh3 Neg4 19. Bd4 Rfe8 20. c3 Bd6 21. Ng3 Be5 22. Be2 Bxd4+ 23. cxd4 Qf4 0-1

[Event "American Continental 14th"]
[Site "Montevideo"]
[Date "2018.06.10"]
[Round "11"]
[White "Cerda Albornoz, Guillermo Fidel"]
[Black "Saralegui Cassan, Mario"]
[Result "1-0"]
[WhiteElo "2195"]
[BlackElo "2069"]
[PlyCount "47"]
[EventDate "2018.06.01"]
[EventType "swiss"]
[EventRounds "11"]
[EventCountry "URU"]
[SourceTitle "EXT 2019"]
[Source "ChessBase"]
[SourceDate "2018.10.10"]
[SourceVersion "1"]
[SourceVersionDate "2018.10.10"]
[SourceQuality "1"]

1. e4 e5 2. Nf3 Nc6 3. Bc4 Nf6 4. d3 Be7 5. 0-0 0-0 6. c3 d5 7. exd5 Nxd5 8. Re1 Bg4 9. h3 Bh5 10. Nbd2 Nf4 11. Nf1 Bd6 12. Ng3 Bg6 13. d4 exd4 14. Nxd4 Na5 15. Bf1 Re8 16. Rxe8+ Qxe8 17. Nb5 Be5 18. Qa4 Nd3 19. Qxa5 Bxg3 20. fxg3 Nxc1 21. Nxc7 Qe3+ 22. Kh2 Rf8 23. Nd5 Qf2 24. Rxc1 1-0

[Event "American Continental 14th"]
[Site "Montevideo"]
[Date "2018.06.09"]
[Round "10"]
[White "Aranha Filho, Alvaro Zimmermann"]
[Black "Cerda Albornoz, Guillermo Fidel"]
[Result "1-0"]
[WhiteElo "2304"]
[BlackElo "2195"]
[PlyCount "47"]
[EventDate "2018.06.01"]
[EventType "swiss"]
[EventRounds "11"]
[EventCountry "URU"]
[SourceTitle "CBM 184 Extra"]
[Source "ChessBase"]
[SourceDate "2018.06.28"]
[SourceVersion "1"]
[SourceVersionDate "2018.06.28"]
[SourceQuality "1"]

1. Nf3 g6 2. d4 Bg7 3. e4 c5 4. d5 e5 5. Nc3 d6 6. Be2 a6 7. a4 Ne7 8. 0-0 0-0 9. Nd2 f5 10. Nc4 f4 11. Bg4 h5 12. Be6+ Kh7 13. a5 Qc7 14. Nb6 Ra7 15. g4 Kh6 16. gxh5 gxh5 17. Ra3 Bf6 18. Ne2 Bxe6 19. dxe6 h4 20. Nxf4 exf4 21. Bxf4+ Bg5 22. Bxg5+ Kxg5 23. Kh1 Ng6 24. Rg1+ 1-0

[Event "American Continental 14th"]
[Site "Montevideo"]
[Date "2018.06.07"]
[Round "7"]
[White "Okamura, Milton Kasuo"]
[Black "Cerda Albornoz, Guillermo Fidel"]
[Result "1-0"]
[WhiteElo "2050"]
[BlackElo "2195"]
[PlyCount "93"]
[EventDate "2018.06.01"]
[EventType "swiss"]
[EventRounds "11"]
[EventCountry "URU"]
[SourceTitle "CBM 184 Extra"]
[Source "ChessBase"]
[SourceDate "2018.06.28"]
[SourceVersion "1"]
[SourceVersionDate "2018.06.28"]
[SourceQuality "1"]

1. d4 c5 2. d5 e5 3. c4 d6 4. Nc3 g6 5. Nf3 Bg7 6. e4 Ne7 7. Bd3 0-0 8. 0-0 f5 9. a3 f4 10. b4 b6 11. Rb1 Nd7 12. Bd2 h6 13. Be2 Nf6 14. Ne1 g5 15. h3 Kh8 16. Nd3 Rg8 17. Be1 Bf8 18. f3 h5 19. Nf2 Rg7 20. Rb2 Neg8 21. bxc5 bxc5 22. Qb1 Nh6 23. Rb8 Rxb8 24. Qxb8 Rb7 25. Qa8 Rg7 26. Nb5 Qd7 27. Nxa7 Qxa7 28. Qxc8 Kg8 29. Qd8 Kf7 30. Ba5 Be7 31. Qc7 Qa8 32. Rb1 Ne8 33. Qb6 Kf8 34. Bd1 Kf7 35. Ba4 g4 36. fxg4 hxg4 37. Bd7 gxh3 38. Bxh3 f3 39. Be6+ Kf6 40. g4 Kg6 41. Rb3 Nf6 42. Rxf3 Kh7 43. Rh3 Nfg8 44. Bd2 Bg5 45. Bxg5 Rxg5 46. Qxd6 Qe8 47. Bxg8+ 1-0

[Event "American Continental 14th"]
[Site "Montevideo"]
[Date "2018.06.07"]
[Round "8"]
[White "Pomar, Marcelo Nascimento"]
[Black "Cerda Albornoz, Guillermo Fidel"]
[Result "0-1"]
[WhiteElo "2037"]
[BlackElo "2195"]
[PlyCount "102"]
[EventDate "2018.06.01"]
[EventType "swiss"]
[EventRounds "11"]
[EventCountry "URU"]
[SourceTitle "CBM 184 Extra"]
[Source "ChessBase"]
[SourceDate "2018.06.28"]
[SourceVersion "1"]
[SourceVersionDate "2018.06.28"]
[SourceQuality "1"]

1. e4 e5 2. Nf3 Nc6 3. Bb5 a6 4. Ba4 Nf6 5. 0-0 b5 6. Bb3 Be7 7. Re1 0-0 8. h3 d6 9. c3 Na5 10. Bc2 c5 11. d4 Qc7 12. Nbd2 Nc6 13. d5 Nb8 14. a4 Ra7 15. Nf1 Re8 16. g4 h5 17. g5 Nh7 18. h4 Rb7 19. axb5 axb5 20. N3h2 g6 21. f4 exf4 22. Bxf4 Bf8 23. Ng3 Bg7 24. Nxh5 gxh5 25. Qxh5 Nf8 26. Ng4 Bxg4 27. Qxg4 Ng6 28. Rf1 Qd7 29. Qh5 Qh3 30. Bxd6 b4 31. Rf3 Qxh4 32. Qxh4 Nxh4 33. Rh3 Ng6 34. Bxc5 Rc8 35. cxb4 Nd7 36. Rf1 Nxc5 37. bxc5 Rxc5 38. Ba4 Rxb2 39. Be8 Bd4+ 40. Kh1 Ne5 41. d6 Rcc2 42. Ba4 Rd2 43. d7 Bb6 44. Bd1 Rxd7 45. g6 fxg6 46. Bb3+ Kg7 47. Bd5 Rc7 48. Bg8 Ng4 49. Rh7+ Kxg8 50. Rxc7 Bxc7 51. e5 Rh2+ 0-1

[Event "Antofagasta Zicosur op 2nd"]
[Site "Antofagasta"]
[Date "2016.01.09"]
[Round "8"]
[White "Donoso Diaz, Sebastian"]
[Black "Cerda Albornoz, Guillermo Fidel"]
[Result "0-1"]
[WhiteElo "2109"]
[BlackElo "2240"]
[PlyCount "78"]
[EventDate "2016.01.05"]
[EventType "swiss"]
[EventRounds "9"]
[EventCountry "CHI"]
[SourceTitle "CBM 170 Extra"]
[Source "ChessBase"]
[SourceDate "2016.02.25"]
[SourceVersion "1"]
[SourceVersionDate "2016.02.25"]
[SourceQuality "1"]

1. e4 e5 2. Nf3 Nc6 3. Bc4 Nf6 4. d3 Bc5 5. Nc3 a6 6. Nd5 h6 7. c3 d6 8. b4 Ba7 9. Ne3 Ne7 10. 0-0 c6 11. Bb3 Ng6 12. Qc2 Nh5 13. d4 Qf6 14. Bb2 Nhf4 15. Nf5 Bb8 16. c4 0-0 17. c5 Bxf5 18. exf5 Nh4 19. Nxh4 Qxh4 20. Kh1 exd4 21. g3 Qh3 22. Qe4 d5 23. Qf3 Be5 24. Rfe1 f6 25. Bd1 d3 26. Bxe5 fxe5 27. gxf4 Qxf3+ 28. Bxf3 e4 29. Bg4 g6 30. fxg6 Rxf4 31. Be6+ Kg7 32. Kg2 Kxg6 33. Rad1 Kf6 34. Bd7 Rg8+ 35. Kf1 d4 36. Be6 Kxe6 37. Rxd3 Kd5 38. Rh3 Rgf8 39. Rh5+ Kc4 0-1

[Event "Antofagasta Zicosur op 2nd"]
[Site "Antofagasta"]
[Date "2016.01.07"]
[Round "5"]
[White "Cerda Albornoz, Guillermo Fidel"]
[Black "Barria Yaitul, Armin"]
[Result "1/2-1/2"]
[WhiteElo "2240"]
[BlackElo "2045"]
[PlyCount "85"]
[EventDate "2016.01.05"]
[EventType "swiss"]
[EventRounds "9"]
[EventCountry "CHI"]
[SourceTitle "CBM 170 Extra"]
[Source "ChessBase"]
[SourceDate "2016.02.25"]
[SourceVersion "1"]
[SourceVersionDate "2016.02.25"]
[SourceQuality "1"]

1. e4 e5 2. Nf3 Nc6 3. Bc4 Nf6 4. d3 Bc5 5. c3 Qe7 6. Bb3 d6 7. a4 a6 8. 0-0 Bg4 9. Nbd2 h6 10. Re1 g5 11. Nf1 0-0-0 12. Ne3 Bxe3 13. fxe3 d5 14. exd5 Nxd5 15. e4 Nf4 16. Bxf4 gxf4 17. Bd5 Rd6 18. b4 Nd8 19. b5 a5 20. d4 Rg8 21. Kh1 Rdg6 22. Ra2 Ne6 23. b6 c6 24. Bxe6+ Qxe6 25. d5 cxd5 26. Qxd5 Qxd5 27. exd5 Bxf3 28. gxf3 Rxb6 29. Rg2 Rxg2 30. Kxg2 f6 31. Kh3 Rb3 32. Rc1 f5 33. Kh4 e4 34. fxe4 fxe4 35. Kg4 f3 36. Kf4 Rb2 37. Kxe4 Rxh2 38. Kxf3 Ra2 39. Ke4 Rxa4+ 40. Ke5 Kd7 41. c4 b6 42. Rh1 Rxc4 43. Rxh6 1/2-1/2

[Event "Antofagasta Zicosur op 1st"]
[Site "Antofagasta"]
[Date "2015.01.09"]
[Round "7"]
[White "Cerda Albornoz, Guillermo Fidel"]
[Black "Palma Neira, Eliseo Maximiliano"]
[Result "1-0"]
[WhiteElo "2243"]
[BlackElo "2003"]
[PlyCount "84"]
[EventDate "2015.01.05"]
[EventType "swiss"]
[EventRounds "10"]
[EventCountry "CHI"]
[SourceTitle "CBM 164 Extra"]
[Source "ChessBase"]
[SourceDate "2015.03.02"]
[SourceVersion "1"]
[SourceVersionDate "2015.03.02"]
[SourceQuality "1"]

1. e4 e5 2. Nf3 Nc6 3. Bc4 Bc5 4. c3 Nf6 5. d3 d6 6. Bb3 h6 7. 0-0 Bg4 8. Re1 a6 9. Nbd2 Ba7 10. Nf1 Nd7 11. h3 Bxf3 12. Qxf3 Qf6 13. Qxf6 Nxf6 14. Ne3 Ne7 15. a4 c6 16. a5 0-0 17. Nc4 Rad8 18. g3 Rfe8 19. Kg2 Ng6 20. Be3 Bxe3 21. Nxe3 d5 22. exd5 cxd5 23. Nf5 Re6 24. Re2 b6 25. h4 Rb8 26. c4 bxa5 27. cxd5 Reb6 28. Bc4 Rxb2 29. Rxb2 Rxb2 30. d6 Nf8 31. Ne7+ Kh7 32. Bxf7 Ng4 33. Bg8+ Kh8 34. Kf3 h5 35. Ra2 Rb6 36. Bf7 Nf6 37. Rc2 N6d7 38. Rc6 Rxc6 39. Nxc6 a4 40. Ke4 g6 41. Nxe5 Kg7 42. Nxd7 Nxd7 1-0

[Event "American Continental 08th"]
[Site "Mar del Plata"]
[Date "2012.10.20"]
[Round "10"]
[White "Arcos Facio, Mateo"]
[Black "Cerda Albornoz, Guillermo Fidel"]
[Result "1-0"]
[WhiteElo "2174"]
[BlackElo "2267"]
[PlyCount "65"]
[EventDate "2012.10.12"]
[EventType "swiss"]
[EventRounds "11"]
[EventCountry "ARG"]
[SourceTitle "EXT 2013"]
[Source "ChessBase"]
[SourceDate "2012.11.22"]
[SourceVersion "1"]
[SourceVersionDate "2012.11.22"]
[SourceQuality "1"]

1. e4 a6 2. d4 e6 3. Bd3 b5 4. Nf3 Bb7 5. 0-0 Nf6 6. Nbd2 c5 7. dxc5 Bxc5 8. a4 Nc6 9. Nb3 Qb6 10. Nxc5 Qxc5 11. Be3 Qh5 12. axb5 axb5 13. Rxa8+ Bxa8 14. Ng5 Qxd1 15. Rxd1 b4 16. Bc5 h6 17. Nf3 Ng8 18. Ra1 Bb7 19. Ba6 Bxa6 20. Rxa6 f6 21. Nd4 Nxd4 22. Bxd4 Kf7 23. Ra8 d6 24. Kf1 Rh7 25. Rd8 e5 26. Be3 Ne7 27. Rxd6 Rh8 28. Bc5 Rc8 29. Bxb4 Nc6 30. Bc5 Nd4 31. Bxd4 Ke7 32. Bxe5 Rxc2 33. Bf4 1-0

[Event "American Continental 08th"]
[Site "Mar del Plata"]
[Date "2012.10.19"]
[Round "9"]
[White "Cerda Albornoz, Guillermo Fidel"]
[Black "Molina, Roberto Junio Brito"]
[Result "0-1"]
[WhiteElo "2267"]
[BlackElo "2400"]
[PlyCount "80"]
[EventDate "2012.10.12"]
[EventType "swiss"]
[EventRounds "11"]
[EventCountry "ARG"]
[SourceTitle "EXT 2013"]
[Source "ChessBase"]
[SourceDate "2012.11.22"]
[SourceVersion "1"]
[SourceVersionDate "2012.11.22"]
[SourceQuality "1"]

1. a3 g6 2. Nf3 c5 3. d4 cxd4 4. Qxd4 Nf6 5. Nc3 Nc6 6. Qh4 d5 7. Bg5 Bg7 8. Bh6 0-0 9. Bxg7 Kxg7 10. 0-0-0 Qa5 11. Qg5 h6 12. Qf4 Be6 13. h3 Rac8 14. e3 a6 15. Bd3 b5 16. Nd4 Nxd4 17. Qxd4 Rb8 18. Qb4 Qc7 19. g4 Rfd8 20. Qd4 Qd6 21. Qb4 Qxb4 22. axb4 d4 23. exd4 Rxd4 24. Ne2 Rxb4 25. Rhe1 Ra4 26. f4 Rd8 27. Kb1 Ba2+ 28. Kc1 Bc4 29. b3 Ra1+ 30. Kd2 Rxd1+ 31. Rxd1 Bxd3 32. cxd3 Nd5 33. Rc1 e6 34. Rc5 Kf6 35. Nc3 Nxf4 36. Ne4+ Kg7 37. Nf2 Nd5 38. Rc6 Ra8 39. Rd6 Ra7 40. Rd8 a5 0-1

[Event "American Continental 08th"]
[Site "Mar del Plata"]
[Date "2012.10.17"]
[Round "7"]
[White "Cerda Albornoz, Guillermo Fidel"]
[Black "Crespo, Eugenio"]
[Result "1-0"]
[WhiteElo "2267"]
[BlackElo "2076"]
[PlyCount "94"]
[EventDate "2012.10.12"]
[EventType "swiss"]
[EventRounds "11"]
[EventCountry "ARG"]
[SourceTitle "EXT 2013"]
[Source "ChessBase"]
[SourceDate "2012.11.22"]
[SourceVersion "1"]
[SourceVersionDate "2012.11.22"]
[SourceQuality "1"]

1. e4 e6 2. e5 d5 3. exd6 Bxd6 4. d4 Nf6 5. Nf3 0-0 6. Bg5 Nbd7 7. Nc3 c5 8. Ne4 Be7 9. Nxf6+ Nxf6 10. c3 cxd4 11. Qxd4 h6 12. Qxd8 Rxd8 13. Bf4 Bd7 14. Be2 Nd5 15. Bg3 Bf6 16. 0-0 Ba4 17. Rac1 Rac8 18. Rfe1 g5 19. Ne5 Bg7 20. Bd1 Nb6 21. b3 Be8 22. c4 f6 23. Nf3 e5 24. Bc2 Bc6 25. Bf5 Ra8 26. Red1 Nd7 27. Ne1 Bf8 28. Nc2 Kf7 29. Rd2 Nc5 30. Rcd1 Rxd2 31. Rxd2 Ne6 32. f3 Bc5+ 33. Bf2 Bxf2+ 34. Kxf2 Ke7 35. Bxe6 Kxe6 36. Na3 h5 37. c5 a5 38. Rd6+ Ke7 39. Nc4 Kf7 40. h3 Rc8 41. a3 e4 42. Rd4 Ke6 43. fxe4 Bxe4 44. Nd6 Rxc5 45. Nxe4 Rb5 46. b4 Ke5 47. Ke3 g4 1-0

[Event "American Continental 08th"]
[Site "Mar del Plata"]
[Date "2012.10.14"]
[Round "4"]
[White "Benedetti, Julio"]
[Black "Cerda Albornoz, Guillermo Fidel"]
[Result "1-0"]
[WhiteElo "2117"]
[BlackElo "2267"]
[PlyCount "135"]
[EventDate "2012.10.12"]
[EventType "swiss"]
[EventRounds "11"]
[EventCountry "ARG"]
[SourceTitle "EXT 2013"]
[Source "ChessBase"]
[SourceDate "2012.11.22"]
[SourceVersion "1"]
[SourceVersionDate "2012.11.22"]
[SourceQuality "1"]

1. e4 a6 2. Bc4 e6 3. Nf3 b5 4. Bb3 c5 5. c3 Bb7 6. Qe2 c4 7. Bc2 d5 8. e5 Nc6 9. d4 cxd3 10. Bxd3 Bc5 11. 0-0 Nge7 12. Bf4 Ng6 13. Bg3 Qb6 14. h4 Qc7 15. Kh1 Nge7 16. Nbd2 g6 17. b4 Bb6 18. Nb3 Nf5 19. Bxf5 gxf5 20. Nbd4 Bxd4 21. Nxd4 Nxd4 22. cxd4 Qe7 23. Qd2 Rc8 24. a4 Rc4 25. axb5 axb5 26. Ra7 0-0 27. h5 Kh8 28. Qf4 f6 29. Bh4 Qc7 30. Qh6 Rf7 31. Bxf6+ Kg8 32. g4 fxg4 33. Qg5+ Kf8 34. Qxg4 Rc1 35. Ra1 Rxf1+ 36. Rxf1 Bc8 37. Rg1 Ke8 38. Qf3 Qc2 39. Rg8+ Rf8 40. Rg7 Rf7 41. Rxf7 Kxf7 42. Qg3 Qc1+ 43. Kh2 Qh6 44. Qg4 Kf8 45. Kh3 Kf7 46. Kh4 Qf8 47. Qg3 Bd7 48. f4 Qg8 49. Bg5 Qg7 50. Qd3 Kg8 51. Qc2 Be8 52. Qc8 Qd7 53. Qc3 Qf7 54. Qf3 Qg7 55. f5 exf5 56. Qxd5+ Qf7 57. Qf3 Qc4 58. Be3 Qxb4 59. Qd5+ Bf7 60. Qd8+ Qf8 61. Qg5+ Qg7 62. Qxf5 b4 63. Bg5 b3 64. Bf6 Bg6 65. Qf3 Qh6 66. Qxb3+ Bf7 67. Qb8+ Qf8 68. Qb2 1-0

[Event "American Continental 08th"]
[Site "Mar del Plata"]
[Date "2012.10.12"]
[Round "1"]
[White "Cerda Albornoz, Guillermo Fidel"]
[Black "March, Diego"]
[Result "1-0"]
[WhiteElo "2267"]
[BlackElo "1822"]
[PlyCount "67"]
[EventDate "2012.10.12"]
[EventType "swiss"]
[EventRounds "11"]
[EventCountry "ARG"]
[SourceTitle "EXT 2013"]
[Source "ChessBase"]
[SourceDate "2012.11.22"]
[SourceVersion "1"]
[SourceVersionDate "2012.11.22"]
[SourceQuality "1"]

1. e4 c5 2. Nf3 Nc6 3. d4 cxd4 4. Nxd4 g6 5. Nc3 Bg7 6. Nde2 Nf6 7. h3 0-0 8. g4 d6 9. Bg2 Rb8 10. Be3 b6 11. Qd2 Na5 12. b3 Bb7 13. Rd1 Qc7 14. 0-0 Rbc8 15. Bh6 Rfd8 16. Bxg7 Kxg7 17. Rc1 e6 18. g5 Ne8 19. Nb5 Qd7 20. c4 Nc6 21. Rcd1 a6 22. Nbc3 Qc7 23. h4 Ne7 24. Bh3 Rb8 25. Nf4 Bc8 26. a4 e5 27. Nfd5 Nxd5 28. Nxd5 Qb7 29. Bg2 Nc7 30. Nf6 Ne6 31. f4 Nxf4 32. Rxf4 exf4 33. Qc3 Be6 34. e5 1-0

[Event "Villa Martelli Pro Am op 15th"]
[Site "Villa Martelli"]
[Date "2008.10.18"]
[Round "9"]
[White "Cubas, Jose Fernando"]
[Black "Cerda Albornoz, Guillermo Fidel"]
[Result "1-0"]
[WhiteElo "2433"]
[BlackElo "2242"]
[PlyCount "97"]
[EventDate "2008.10.10"]
[EventType "swiss"]
[EventRounds "9"]
[EventCountry "ARG"]
[SourceTitle "CBM 126 Extra"]
[Source "ChessBase"]
[SourceDate "2008.11.05"]
[SourceVersion "1"]
[SourceVersionDate "2008.11.05"]
[SourceQuality "1"]

1. e4 c5 2. Nf3 d6 3. d4 cxd4 4. Nxd4 Nf6 5. Nc3 Nc6 6. Be2 e5 7. Nf3 Be7 8. Bg5 Be6 9. 0-0 h6 10. Bxf6 Bxf6 11. Nd5 Bxd5 12. Qxd5 0-0 13. c3 Qb6 14. Qb3 Qxb3 15. axb3 Rfd8 16. Rfd1 a6 17. Bc4 Ne7 18. b4 Rac8 19. Bb3 Rc7 20. Nd2 d5 21. exd5 Nf5 22. Ne4 Be7 23. Re1 Kf8 24. Rad1 h5 25. Rd2 g6 26. Rde2 b6 27. Nd2 a5 28. bxa5 bxa5 29. Rxe5 Rb8 30. R5e2 Bd6 31. g3 Rc5 32. Kg2 Rcb5 33. Re8+ Kg7 34. Rxb8 Rxb8 35. Ra1 Bc7 36. Ra2 Nd6 37. Ba4 Bb6 38. Bc6 Bd8 39. Kf1 f5 40. Ke2 Bg5 41. f4 Bf6 42. Kd3 h4 43. gxh4 Bxh4 44. Rxa5 Rxb2 45. Ra7+ Kf8 46. Rd7 Ne4 47. Nxe4 fxe4+ 48. Kxe4 Re2+ 49. Kd3 1-0

[Event "Villa Martelli Pro Am op 15th"]
[Site "Villa Martelli"]
[Date "2008.10.12"]
[Round "3"]
[White "Iregui, Victor"]
[Black "Cerda Albornoz, Guillermo Fidel"]
[Result "0-1"]
[WhiteElo "2026"]
[BlackElo "2242"]
[PlyCount "112"]
[EventDate "2008.10.10"]
[EventType "swiss"]
[EventRounds "9"]
[EventCountry "ARG"]
[SourceTitle "CBM 126 Extra"]
[Source "ChessBase"]
[SourceDate "2008.11.05"]
[SourceVersion "1"]
[SourceVersionDate "2008.11.05"]
[SourceQuality "1"]

1. f4 e5 2. fxe5 d6 3. exd6 Bxd6 4. Nf3 Bg4 5. g3 h5 6. d4 h4 7. Bg5 f6 8. Bxh4 g5 9. Qd3 Bxf3 10. Qxf3 Nc6 11. Nc3 gxh4 12. 0-0-0 Qd7 13. e4 0-0-0 14. Bb5 Qg7 15. Bxc6 bxc6 16. e5 Bb4 17. Qxc6 Bxc3 18. bxc3 Ne7 19. Qa6+ Kb8 20. exf6 Qg5+ 21. Kb1 Nd5 22. Ka1 Qxf6 23. Qxf6 Nxf6 24. Kb2 Ka8 25. Rhf1 Nd5 26. Rf7 Rb8+ 27. Kc1 hxg3 28. hxg3 Nxc3 29. Rd3 Nxa2+ 30. Kd2 Rh2+ 31. Ke3 Nb4 32. Rd1 Rxc2 33. Ra1 Re8+ 34. Kf3 Nd3 35. Rf1 Rc3 36. Kg4 Re4+ 37. Kg5 Rxd4 38. Rb1 Rb4 39. Rh1 Ne5 40. Re7 Nf3+ 41. Kf6 a5 42. Rh5 Rb6+ 43. Kg7 c5 44. Rf7 Nd4 45. Kh8 Rb8+ 46. Kh7 Rb7 47. Rxb7 Kxb7 48. g4 a4 49. g5 Ne6 50. g6 Nf8+ 51. Kg7 Nxg6 52. Kxg6 a3 53. Rh2 Rd3 54. Ra2 Kb6 55. Kf5 Kb5 56. Ke4 c4 0-1

[Event "San Luis zt 2.5"]
[Site "San Luis"]
[Date "2007.03.24"]
[Round "8"]
[White "Izquierdo, Daniel"]
[Black "Cerda Albornoz, Guillermo Fidel"]
[Result "0-1"]
[WhiteElo "2338"]
[BlackElo "2207"]
[PlyCount "84"]
[EventDate "2007.03.19"]
[EventType "swiss"]
[EventRounds "9"]
[EventCountry "ARG"]
[SourceTitle "CBM 117 Extra"]
[Source "ChessBase"]
[SourceDate "2007.05.09"]
[SourceVersion "1"]
[SourceVersionDate "2007.05.09"]
[SourceQuality "1"]

1. Nf3 Nf6 2. g3 c5 3. Bg2 Nc6 4. 0-0 Rb8 5. b3 g6 6. Bb2 Bg7 7. e4 0-0 8. Re1 d6 9. h3 b5 10. d4 Nd7 11. c3 b4 12. d5 Nce5 13. Nxe5 Nxe5 14. f4 Nd7 15. Qc2 c4 16. cxb4 Qb6+ 17. Kh2 Bxb2 18. Qxb2 Qxb4 19. Qd2 Nc5 20. Qxb4 Rxb4 21. Nd2 c3 22. Nc4 Ba6 23. Bf1 Nd7 24. Rac1 Nb6 25. Na5 Bxf1 26. Nc6 Rb5 27. Rxf1 f5 28. Rxc3 fxe4 29. Nxe7+ Kf7 30. Rc7 Rc5 31. Rxa7 Ra8 32. Rxa8 Nxa8 33. Nc6 Rxd5 34. Rf2 e3 35. Rf1 Rd2+ 36. Kg1 Ke6 37. Re1 Kd5 38. Ne7+ Ke4 39. f5 gxf5 40. Rf1 e2 41. Rf4+ Kd3 42. Kf2 Rd1 0-1